| 000 | 01019nam a2200301Ia 4500 | ||
|---|---|---|---|
| 001 | Para_8750 | ||
| 003 | CHAP | ||
| 008 | 220125s2003 xx 000 0 und d | ||
| 010 | _a207550 | ||
| 040 | _cCHAP | ||
| 090 | _aPA TESIS 1738 | ||
| 100 |
_aSánchez Castillo, Sergio _9107409 |
||
| 245 |
_aEvaluación de cinco variedades de nopal como hospederos de grana (Dactylopius coccus Costa) en Chapingo, México / _c por Sergio Sánchez Castillo |
||
| 260 |
_aChapingo, Méx. : _b el autor |
||
| 300 | _a51 h. | ||
| 502 | _aTesis (Ing. Agr. Esp. en Parasitología Agrícola) -- UACh. Departamento Parasitología Agrícola | ||
| 650 |
_aCochinilla del nopal _924209 |
||
| 650 |
_aNopal _x plagas _981689 |
||
| 650 |
_aNopal _x variedades _981703 |
||
| 710 |
_aUACh. Departamento Parasitología Agrícola _9164025 |
||
| 901 | _aPA TESIS 1738 | ||
| 902 | _aA | ||
| 905 | _a0000002003 an 0000000000 00 | ||
| 910 | _a2003 | ||
| 942 | _cPARA | ||
| 942 |
_cPARA _d1 |
||
| 999 |
_c207550 _d207550 |
||